Statistics for Stan Lee Quiz

Click here to take the quiz!

General Stats

  • This quiz has been taken 35 times
  • The average score is 10 of 15

Answer Stats

Question Answer % Correct
The kind of books he writesComic Books
100%
He is associated with this publishing companyMarvel
96%
Superhero he created that is associated with websSpiderman
96%
Large green superhero he createdThe Incredible Hulk
96%
Superhero he created who has been played by Robert Downey Jr.Iron Man
96%
Superhero he created based on a norse godThor
92%
Group of superheroes he created featuring Mister Fantastic and ThingFantastic Four
88%
Group of superheroes featuring WolverineX-Men
88%
Country he was born in this countryUnited States
83%
Blind superhero he createdDaredevil
71%
Superhero he created who first appeared in Strange TalesDoctor Strange
63%
Comic book artist who created art for comic book written by Stan LeeJack Kirby
33%
Name of his wifeJoan B. Lee
21%
Finish his famous quote, “Face front, true _________” ...Believers
13%
Country his parents were born in this countryRomania
4%

Score Distribution

Percentile by Number Answered

Percent of People with Each Score

Your Score History

You have not taken this quiz